|
|
|
|
| LEADER |
00649nam a2200229Ia 4500 |
| 008 |
240829s9999 xx 000 0 und d |
| 020 |
|
|
|a 968-18-3856-4
|
| 040 |
|
|
|a BIBLIOTECA-RUPAP 621.86 R173
|
| 041 |
|
|
|a spa
|
| 082 |
|
|
|a 621.86 R173
|
| 100 |
1 |
|
|a Ramírez Cavassa, César
|
| 245 |
1 |
0 |
|a Seguridad industrial, un enfoque integral
|
| 250 |
|
|
|a 2a.ed.
|
| 260 |
|
|
|a México
|b Limusa
|c 2000
|
| 300 |
|
|
|a 506 p. :il.
|
| 650 |
7 |
|
|a INGENIERIA DE SEGURIDA - INDUSTRIAL
|
| 650 |
7 |
|
|b ERGONOMIA - FACTORES HUMANOS
|
| 650 |
7 |
|
|c MEDIO AMBIENTE - TRABAJO
|
| 650 |
7 |
|
|d SEGURIDAD INDUSTRIAL. I. Tít.
|
| 942 |
|
|
|c BK
|2 ddc
|
| 991 |
|
|
|a TEXTO
|
| 999 |
|
|
|c 9514
|